| 000 | 00986nam a2200325 a 4500 | ||
|---|---|---|---|
| 001 | 25014 | ||
| 003 | CO-ViMGA | ||
| 008 | 141112s2004 ck r 000 u spa d | ||
| 020 | _a9789589862650 | ||
| 040 |
_aCO-ViMGA _bspa _cCO-ViMGA |
||
| 041 | _aSPA | ||
| 090 | _aP RYC1 | ||
| 100 | 1 |
_aRyckel, Agnés de _938006 |
|
| 245 | 1 | 0 |
_aZizosaurio / _cTexto e ilustraciones Agnés de Ryckel ; traducción Jeannine Emery |
| 250 | _a1a ed. | ||
| 260 |
_aBogotá : _bUnaluna, _c2012 |
||
| 300 | _a28 p. : il. col. | ||
| 500 | _aTítulo original de la obra : Ziezozaurus | ||
| 650 | 1 | 4 |
_aADIVINANZAS _9960 |
| 650 | 1 | 4 |
_aADIVINANZAS VISUALES _938007 |
| 650 | 1 | 4 | _aANIMALES |
| 650 | 1 | 4 |
_aAUTORES BELGAS _938008 |
| 650 | 1 | 4 |
_aDESDE LOS 3 AÑOS _938009 |
| 650 | 1 | 4 |
_aILUSTRADORES BELGAS _938010 |
| 650 | 1 | 4 |
_aJUEGOS CON LA PALABRA _938011 |
| 650 | 1 | 4 |
_aLITERATURA INFANTIL BELGA _938012 |
| 700 | 1 |
_aEmery, Jeannine _938013 |
|
| 700 | 1 |
_aRyckel, Agnés de _938006 |
|
| 942 |
_2ddc _cBK |
||
| 999 |
_c2610 _d2610 |
||